| 000 | 00874nam a22002177a 4500 | ||
|---|---|---|---|
| 999 |
_c11752 _d11752 |
||
| 003 | AR-CdUCM | ||
| 008 | 190404b ||||| |||| 00| 0 spa d | ||
| 040 |
_aMUNICIPALIDAD PROVINCIAL DEL CUSCO _cBIBLIOTECA MUNICIPAL DEL CUSCO |
||
| 082 |
_a346.611 / _bM26 / 1865 |
||
| 100 |
_aMarin Ordoñez, Jose _929263 |
||
| 245 | _aBiblioteca manual del estudiante de jurisprudencia y administración / | ||
| 260 |
_aMadrid : _bLibreria de D. Leon P. Villaverde, _c1865. |
||
| 300 |
_a3 tomos ; _c15 cm. |
||
| 505 | _aContenido : t.1. Prolegómenos del derecho -- Historia e instituciones del derecho romano -- t.3. Economía política y hacienda -- t.5 : Derecho penal -- Derecho Civil. | ||
| 650 |
_aDerecho _9739 |
||
| 650 |
_aLegislación _92962 |
||
| 650 |
_aPoder judicial _96955 |
||
| 650 |
_aÓrganos internos _929264 |
||
| 942 |
_2ddc _cLIBROS |
||
| 945 |
_awnts _d2019-04-04 |
||